000 01144nam a2200253Ia 4500
003 Ost
005 20260507075405.0
008 260507s9999||||xx |||||||||||||| ||und||
020 _a7766441977
040 _cfsecg
041 _aara
082 _a330
100 _aسليم، سحر عبد الرؤوف
_eمؤلف
245 0 _aقضايا معاصرة في التنمية الإقتصادية /
_c سحر عبد الرؤوف سليم
260 _aالإسكندرية:
_bمكتبة الوفاء القانونية,
_c2014
300 _a204 صفحة؛
_bإيضاحات ؛
_c25 سم
520 _aيضم التخلف الإقتصادي مفهومه وخصائصه، مفهوم الفقر ومفهوم توزيع الدخل ، المفاهيم المختلفة للتنمية وطرق قياسها ، البطالة ، تنمية الموارد البشرية ، تمويل التنمية الاقتصادية
653 _aالبطالة
653 _aالتخلف الإقتصادي
653 _aالتنمية الإقتصادية
653 _aالفقر
653 _aالمشكلات الإقتصادية
942 _cكتاب
999 _c44298
_d44298